000 01658nam0a2200421 4500
001 RU\NLR\BIBL_A\010189959
005 20250630150538.0
010 _a978-5-89353-363-7
_91000
021 _aRU
_b2013-101221
035 _a(NLR Aleph) 010189959
035 _a(NILC)RuMoRGB-006712144
090 _a10192482
_c10192482
100 _a20140212d20142013|||y0rusy50 ca
101 1 _arus
_cger
102 _aRU
105 _ay|||z||||||||
200 1 _aТерапия нарушений привязанности
_eот теории к практике
_fКарл Хайнц Бриш
_g[пер. с нем. С. И. Дубинской]
210 _aМосква
_cКогито-Центр
_d2014 [т.е. 2013]
215 _a315 с.
_d25
225 2 _aКлиническая психология
300 _aКн. фактически изд. в 2013 г.
320 _aБиблиогр.: с. 287-315
454 0 _12001#$aBindungsstörungen$fKarl Heinz Brisch
_1700#1$aBrisch$bK.H.$gKarl Heinz
_tBindungsstörungen
_aBrisch, Karl Heinz
606 1 _aЧувства
_xПсихоанализ
_92146390
_3RU\NLR\AUTH\661293090
606 1 _aДети
_xПривязанность
_xРасстройства
_xТерапия
_92113171
_3RU\NLR\AUTH\661580380
675 _a616.89
686 1 _aЮ937-953.6
686 1 _aЮ935.21-953.6
686 1 _aР733.64-325-5
700 1 _aБриш
_bК. Х.
_f1955-
_gКарл Хайнц
801 0 _aRU
_bRuMoRKP
_c20131216
_gRCR
801 2 _aRU
_bРГБ
_c20131226
_grcr
801 1 _aRU
_bRuMoRKP
_c20131216
_2rusmarc
942 _cBOOK
980 _aNBR
980 _aNB